000 00351nam a2200133Ia 4500
008 240624s9999 xx 000 0 und d
041 _aeng
082 _a338.9154 XIN
100 _aXINMIN ZHOU
245 _aXI JINPING S GOVERNANCE AND THE FUTURE O
260 _c2017
_aNew York
_bSKYHORSE PUBLISHING
300 _axi, 180 p.; 23 cm.
365 _c
_b33
999 _c32455
_d32455